| 000 | 00367 a2200145 4500 | ||
|---|---|---|---|
| 001 | 86370 | ||
| 082 | _a533.2 JOH | ||
| 090 |
_c40595 _d40595 |
||
| 100 | _aJones, James E. A. | ||
| 245 |
_aGas Dynamics, 3rd Ed _cJames E. A. Jones |
||
| 250 | _a3 | ||
| 260 |
_aIndia _bPearson Prentice Hall _c2006 |
||
| 300 |
_a688 p. _bindian ed |
||
| 500 | _aBE textbook Aerospace | ||
| 942 |
_aNUST-CAE _k533.2 JOH |
||
| 999 |
_c321443 _d321443 |
||